000 00688nam a2200241Ia 4500
003 OSt
005 20221005133544.0
006 a|||||r|||| 00| 0
007 ta
008 221004b |||||||| |||| 00| 0 kan d
024 _a59805
037 _cTextual
040 _aCRL
_cCRL
_bkan
041 _2kan
_akan
082 _aO33,1N04x, 152K2
100 _aकुवेम्पु, ले.
245 0 _aकवि - श्री माला
246 _aKavi - shrī mālā
260 _c1962
650 _aकन्नड़ साहित्य
942 _hO33,1N04x, 152K2
_cTEXL
_2cc
999 _c1067201
_d1067201